000 00293nam a22001097a 4500
008 240530b |||||||| |||| 00| 0 eng d
100 _aOnkar, Shard
_914924
245 _aAmar Hindi ke Himalya Nirala Smerti Granth
260 _aPrayag
_bBhartiya Prishad;
_c1968.
300 _a549p.
942 _cBK
999 _c39551
_d39551